Datum a čas kvízu
36.5
Celkem bodů
Celkový počet nahraných bodů na tomto kvízu bez doplňovacích otázek.
3.
Pořadí na kvízu
Konečné umístění týmu na tomto kvízu.
Zaznamenané odpovědi
| # | Otázka | Odpověď | Body | Výsledky |
|---|---|---|---|---|
| 1. | Minulý týden se v Praze konal... | Globsec | 1 | |
| 2. | Malému chlapci se při návštěvě... | Haifa | 0 | |
| 3. | Čeští tvůrci z Warhorse Studio... | Kingdom Come: Deliverance (II) | 1 | |
| 4. | Česká pošta oznámila, že od ří... | Balíkovna | 1 | |
| 5. | Ve Formuli 1 došlo minulý týde... | Williams | 0 | |
| 6. | Téma začneme stavbou, které mn... | v roce 1985 | 1 | |
| 7. | Žebříčků hodnotících nejoškliv... | jako hotel | 1 | |
| 8. | Nyní se ptáme na evropského vů... | Nicolae Ceaușescu, Rumunsko | 1 | |
| 9. | I Slovensko má svého zástupce... | Martina Šimkovičová | 1 | |
| 10. | V této londýnské budově sídlí... | SIS | 1 |